Cities With 5 Million People - Statistics

General Stats
  • This quiz has been taken 132 times
  • The average score is 78 of 109
Answer Stats
Population Country City % Correct
41,000,000 Japan Tokyo
100%
22,000,000 United States New York
97%
17,200,000 United States Los Angeles
96%
25,100,000 Mexico Mexico City
96%
14,900,000 United Kingdom London
95%
19,100,000 Russia Moscow
95%
11,500,000 France Paris
95%
22,500,000 Egypt Cairo
94%
34,600,000 India Delhi
94%
29,200,000 Indonesia Jakarta
94%
27,200,000 Philippines Manila
94%
27,100,000 India Mumbai
94%
25,100,000 South Korea Seoul
94%
22,100,000 Brazil São Paulo
93%
15,900,000 Turkey Istanbul
92%
12,500,000 Brazil Rio de Janeiro
92%
40,800,000 China Shanghai
92%
21,200,000 Thailand Bangkok
91%
21,200,000 China Beijing
91%
16,700,000 Argentina Buenos Aires
91%
22,500,000 Bangladesh Dhaka
91%
14,600,000 South Africa Johannesburg
91%
11,800,000 Peru Lima
91%
17,700,000 Japan Osaka
91%
16,500,000 Iran Tehran
89%
20,700,000 Nigeria Lagos
88%
10,400,000 Colombia Bogota
87%
13,900,000 Vietnam Ho Chi Minh City
87%
70,100,000 China Guangzhou
86%
9,950,000 Taiwan Taipei
86%
9,650,000 United States Chicago
85%
5,950,000 United Arab Emirates Dubai
85%
7,150,000 Vietnam Hanoi
85%
15,600,000 DR Congo Kinshasa
85%
6,650,000 Spain Madrid
85%
6,500,000 Russia Saint Petersburg
85%
7,850,000 Singapore Singapore
85%
6,100,000 Italy Milan
84%
7,650,000 Iraq Baghdad
83%
9,300,000 Malaysia Kuala Lumpur
83%
6,200,000 Egypt Alexandria
82%
7,650,000 United States Dallas
81%
20,900,000 Pakistan Karachi
81%
8,250,000 Chile Santiago
81%
7,700,000 Canada Toronto
81%
14,500,000 Pakistan Lahore
80%
17,700,000 India Kolkata
79%
6,300,000 United States Miami
79%
7,450,000 United States San Francisco
79%
6,700,000 Kenya Nairobi
78%
5,150,000 Turkey Ankara
77%
14,200,000 India Bangalore
77%
7,050,000 United States Houston
77%
9,350,000 Angola Luanda
77%
5,000,000 Australia Melbourne
77%
12,800,000 China Xi'an
77%
6,000,000 Jordan Amman
76%
7,700,000 United States Boston
76%
11,400,000 India Hyderabad
76%
6,600,000 Ghana Accra
75%
10,900,000 China Chongqing
75%
5,050,000 Afghanistan Kabul
75%
7,050,000 Sudan Khartoum
75%
7,500,000 Saudi Arabia Riyadh
74%
12,200,000 China Wuhan
74%
12,600,000 India Chennai
71%
6,250,000 Tanzania Dar es Salaam
71%
17,300,000 China Chengdu
69%
5,000,000 Germany Cologne
68%
7,500,000 United States Philadelphia
68%
11,500,000 China Tianjin
68%
9,600,000 India Ahmedabad
66%
7,250,000 China Hong Kong
66%
6,100,000 United States Atlanta
65%
5,850,000 Mexico Guadalajara
65%
6,150,000 Myanmar Yangon
65%
10,500,000 Japan Nagoya
64%
8,550,000 United States Washington
64%
5,450,000 Mali Bamako
63%
5,650,000 Germany The Ruhr
63%
14,900,000 China Xiamen
62%
6,800,000 Ivory Coast Abidjan
61%
9,300,000 China Nanjing
61%
5,750,000 United States Detroit
60%
6,000,000 Mexico Monterrey
60%
5,900,000 Indonesia Surabaya
58%
5,000,000 Bangladesh Chittagong
56%
5,200,000 Nigeria Kano
54%
7,750,000 India Pune
53%
13,900,000 China Hangzhou
52%
5,450,000 China Harbin
51%
6,950,000 Indonesia Bandung
49%
11,000,000 China Changsha
47%
7,450,000 China Qingdao
47%
7,750,000 India Surat
46%
8,700,000 China Shenyang
45%
9,800,000 China Zhengzhou
44%
5,300,000 China Dalian
36%
7,800,000 China Hefei
36%
6,500,000 China Kunming
36%
5,300,000 China Nanning
34%
7,300,000 China Ningbo
28%
6,550,000 China Jinan
27%
8,000,000 China Shantou
25%
6,200,000 China Shijiazhuang
23%
5,050,000 China Changchun
21%
5,950,000 China Taiyuan
19%
5,100,000 China Wenzhou
16%
5,050,000 China Guiyang
12%
No matching quizzes found
Score Distribution
Percent of People with Each Score
Percentile by Number Answered
Your Score History
You have not taken this quiz